[Event "SV Roehrnbach 1-SV Deggendorf 2"]
[Site "?"]
[Date "2025.03.23"]
[Round "8.2"]
[White "Knechtel, Roland"]
[Black "Tauber, Rainer"]
[Result "1-0"]
[WhiteElo "2146"]
[BlackElo "1982"]
[Annotator "Stockfish 17"]
[PlyCount "73"]
[EventDate "2025.??.??"]
[WhiteTeam "SV Röhrnbach 1"]
[BlackTeam "SV Deggendorf 2"]

{[%evp 19,73,-16,-15,-55,-5,-43,-38,-47,-44,-50,-27,-32,-32,-34,-4,-8,56,-11,0,
0,-1,-19,-18,-129,-96,-145,27,-11,0,-4,15,0,2,-33,-39,-89,20,15,38,34,63,33,54,
25,153,53,74,77,308,276,413,398,370,368,464,505]} 1. g3 d5 2. Bg2 Nf6 (2... e5
3. d3 Nf6 4. Nf3 Nc6 5. O-O Be7 6. c3 O-O 7. Nbd2 {ist so eine
Perfektionsspielweise von Stockfish und kam auch in der Praxis vor} Re8 8. Qc2
Be6 9. b4 Nd7 10. b5 Na5 11. Nb3 c5 12. Nxa5 Qxa5 13. c4 $11 {Dzindzichashvili,
R-Korchnoi,V Tilburg 1985}) 3. d3 e6 4. Nd2 Be7 5. b3 {Weiß spielt recht
zurückhaltend} (5. Ngf3 c5 6. e4 Nc6 7. O-O O-O 8. e5 Nd7 9. Re1 {Hausner,
Ivan 2445 -Luce,S Prague Vysehrad 1989}) 5... O-O 6. Bb2 c5 7. Ngf3 Nc6 8. O-O
b6 9. c4 Bb7 10. cxd5 (10. a3 Qc7 11. Qc2 d4 12. e3 e5 13. exd4 exd4 14. Rae1
a5 15. Re2 Rae8 16. Rfe1 {Michalek,C-Balashov,Y Dortmund op-A 1993}) 10... Nxd5
11. Ne4 (11. Nc4 Bf6 12. Qd2 Bxb2 13. Qxb2 f6 14. e4 {Petrosian,G-Movsisian,N
Erevan op 1996}) 11... Nf6 {zu diesem Zug findet sich keine Partie, muß aber
nichts beweisen. Auf jeden Fall hat Schwarz eine gut aufgebaute Partie} (11...
f5 12. Nc3 Bf6 13. Qd2 Rc8 14. Rac1 {Anderson,R-Tanggaard,H Copenhagen 1991})
12. Nfd2 Nxe4 13. Nxe4 $15 Rb8 (13... Qc7 14. Nd2 Rfe8 15. Nf3 Rad8 $15 {
ist sicher auch ok}) 14. f4 Nd4 15. e3 Nf5 16. Qe2 Ba6 17. Rad1 Qd7 18. Rfe1 (
18. g4 $14 Nh4 19. f5) 18... Rbd8 19. Qg4 f6 (19... Bxd3 $2 20. Nf2 $18) 20.
Bh3 Bc8 {[#]} ({Nur nicht} 20... Bxd3 $2 21. Nf2 $18) 21. d4 $2 {lt. Stockfish
recht zweifelhaft} (21. Qe2 $11) 21... cxd4 $17 22. exd4 Nd6 $6 (22... Bb4 $142
$1 $17 23. Re2 Ba6 {und Weiß ist in Schwierigkeiten}) 23. Nf2 f5 24. Qe2 Bf6
25. Bg2 Rfe8 26. Nd3 {[#] Und Se5 würde nun gewinnen.} Ba6 27. Qf2 $6 {
Und weiter mit Se5 wäre nett.} (27. h4 Qb5 28. Kh2 Rc8 29. Rd2 Bb7 $11) 27...
Bxd3 (27... Ne4 $1 28. Qe3 (28. Bxe4 $6 fxe4 29. Rxe4 Bb7 $19) 28... Bb7 $17 {
und Schwarz steht gut}) 28. Rxd3 $11 Qb5 29. Qd2 Nf7 $6 (29... Qd7 30. Bf3 Nb5
31. d5 Bxb2 32. Qxb2 exd5 33. Bxd5+ $11) 30. Rde3 Qd7 31. Kh1 g5 $2 {ist es
Übermut?} (31... e5 $11 32. fxe5 Rxe5 33. dxe5 Qxd2 34. exf6 gxf6 {ist lt.
Stock immer noch sehr im Gleichgewicht. Und sowas schüttelt Stockfish einfach
so aus dem Ärmel}) 32. Rd3 (32. Qe2 $16 Bxd4 33. Rd3 e5 34. fxe5 Rxe5 35. Qd2
Bxb2 36. Rxd7 Rxd7 $16 {kann Stockfish ohne Zeitverbrauch berechnen}) (32. Qc2
$1 Rc8 33. Qe2 gxf4 34. gxf4 $16) 32... gxf4 33. gxf4 h6 $2 {der
partieentscheidende Fehler} (33... Nh8 $16 34. Rc1 Qd6 35. Rc6 Qe7 $14 {
würde gegen Stockfish niemand gewinnen}) 34. d5 $1 $18 {Weiß gewinnt} Bxb2 (
34... Bh8 $142 35. Bxh8 Nxh8) 35. Qxb2 Kh7 {[%cal Re6d5]} (35... exd5 {
scheitert an} 36. Rg3+) 36. Rg3 {[%csl Gg3][%cal Rb2g7] [#]} e5 37. fxe5 1-0

[Event "SV Roehrnbach 1-SV Deggendorf 2"]
[Site "?"]
[Date "2025.03.23"]
[Round "8.3"]
[White "Doerfler, Guenther"]
[Black "Neuwerth, Chulian"]
[Result "0-1"]
[WhiteElo "1973"]
[BlackElo "1995"]
[Annotator "Stockfish 17"]
[PlyCount "48"]
[EventDate "2025.??.??"]
[WhiteTeam "SV Deggendorf 2"]
[BlackTeam "SV Röhrnbach 1"]

{[%evp 20,48,32,35,52,17,24,25,264,66,48,50,67,66,104,100,100,100,122,69,128,
136,149,-149,-145,-303,-282,-299,-286,-355,-363]} 1. e4 e5 2. Nf3 Nf6 3. Nxe5 (
3. d4 Nxe4 4. Bd3 d5 5. Nxe5 Nd7 6. Nf3 Bd6 7. O-O O-O 8. c4 c6 9. Nc3 Nxc3 10.
bxc3 dxc4 11. Bxc4 Nb6 12. Bd3 {Sulskis,S-Nielsen,P H}) 3... d6 4. Nf3 Nxe4 5.
d4 d5 6. Bd3 Bd6 (6... Be7 {gilt lt. Theorie als solider} 7. O-O Nc6 8. c4 Nb4
9. Be2 $11) 7. O-O O-O 8. c4 c6 9. Nc3 Nxc3 10. bxc3 dxc4 (10... Bg4 11. cxd5
cxd5 12. Rb1 Nd7 $11 {kommt auch recht oft vor}) 11. Bxc4 {alles gut bekannte
Theorie und praktisch erprobt} Nd7 {genau diese Stellung kam auch in der
Partie Sulskis,S-Nielsen,P H vor, allerdings war da der Schwarze am Zug} (11...
Bg4 12. Qd3 Nd7 13. Ng5 Nf6 14. h3 {kam in der Praxis des öfteren vor}) 12.
Bg5 Qc7 13. Qd3 {[#]} h6 $2 {[#] mit dem folgenden Einschlag hat er sicher nie
gerechnet} (13... b5 $11 {und Schwarz ist OK.} 14. Bb3 Nb6) 14. Bh4 $2 {
verdirbt nichts, aber der Einschlag auf h6 war natürlich stark} (14. Bxh6 $1
$18 {[%mdl 512] Weiss droht Dg6 und Matt.  auch Fritz15 sieht diesen Einschlag
und bewertet mit +1.48 Stockfish 17 dagegen mit +2.54, das liegt aber auch
daran, daß Stockfish NNUE mit einer Grafikkarte wie Geforce RTX optimaler
arbeitet.} Kh8 (14... Bf4 15. Bg5) 15. Bg5) 14... Nb6 15. Bb3 Nd5 16. Bg3 Nf4
17. Bxf4 $40 {[%mdl 128]} Bxf4 18. Rfe1 $16 a5 19. a4 (19. g3 Bd6 20. Bc2 f5
21. Nh4 $16) 19... Kh8 20. Ne5 $1 g6 21. Nxf7+ $2 {[%mdl 8192] funktioniert
nicht ganz} (21. Qf3 $16 {und es läuft.} Bxe5 22. Rxe5 Kg7 23. Rae1) 21...
Rxf7 $17 22. Qxg6 $2 (22. g3 $17 Bf5 23. Qc4 $17 {war noch eine Ausflucht})
22... Rf8 $19 23. Re8 {[%cal Re8f8] [#]} Bf5 $1 {[%cal Rf5g6][%mdl 512]} 24.
Qf6+ (24. Rxa8 Bxg6) 24... Qg7 0-1

[Event "SV Roehrnbach 1-SV Deggendorf 2"]
[Site "?"]
[Date "2025.03.23"]
[Round "8.4"]
[White "Engelbrecht, Alfred"]
[Black "Bielmeier, Ludwig"]
[Result "1/2-1/2"]
[WhiteElo "2122"]
[BlackElo "2017"]
[Annotator "Stockfish 17"]
[PlyCount "57"]
[EventDate "2025.??.??"]
[WhiteTeam "SV Röhrnbach 1"]
[BlackTeam "SV Deggendorf 2"]

{[%evp 21,57,3,6,-20,-14,-18,-9,-24,6,7,23,13,12,-6,-6,-11,9,13,9,6,53,3,10,5,
8,4,4,-8,0,1,7,0,0,-9,-6,-19,27,0]} 1. Nf3 c6 2. c4 d6 3. d4 Nf6 4. Nc3 Nbd7 5.
g3 e5 6. dxe5 (6. Bg2 Be7 7. O-O O-O 8. e4 {ist eine bekanne Aufstellung mit
etwas Vorteil für Weiß} a6 (8... Re8 9. b3 a6 10. a4 a5 11. Bb2 Qc7 12. Rc1 {
Timman,J-Anand,V Paris Immopar rapid 1991}) 9. Rb1 Re8 10. Re1 Qc7 11. dxe5
Nxe5 12. Nxe5 dxe5 13. b4 h6 14. h3 Nh7 15. f4 $15 {Polgar,Zsu - Gulko,B
Cannes 1987}) 6... dxe5 (6... Nxe5 7. Nxe5 dxe5 8. Qc2 Be6 9. b3 Bb4 10. Bb2 {
Bachtiar,A-Laird,C Jakarta 1978}) 7. Bg2 Be7 8. O-O O-O 9. Qc2 Qc7 10. b3 Re8
11. Bb2 Bf8 12. Ng5 h6 13. Nge4 Nxe4 14. Nxe4 $11 Nc5 (14... f5 $5 {[%cal
Rf5e4]} 15. Nc3 Nf6 $14) 15. Rfd1 Kh8 16. Nxc5 Bxc5 17. h3 Qe7 18. e3 Qg5 19.
Kh2 Be6 20. Qc3 f6 21. b4 (21. Qa5 $5 {[%cal Ra5c5]} Be7 22. Rd2 $11) 21... Bf8
22. c5 Qh5 23. a4 Rad8 24. Qc2 Bg4 25. Rd2 Bf3 26. Bxf3 Rxd2 27. Qxd2 Qxf3 $11
{beide Seiten haben auch nichts unternommen} 28. Kg1 Kg8 29. Rd1 1/2-1/2

[Event "SV Roehrnbach 1-SV Deggendorf 2"]
[Site "?"]
[Date "2025.03.23"]
[Round "8.5"]
[White "Grabmeier, Johannes"]
[Black "Hittinger, Christian"]
[Result "0-1"]
[WhiteElo "1877"]
[BlackElo "1960"]
[Annotator "Stockfish 17"]
[PlyCount "46"]
[EventDate "2025.??.??"]
[WhiteTeam "SV Deggendorf 2"]
[BlackTeam "SV Röhrnbach 1"]

{[%evp 13,45,-19,-4,-84,-124,-177,-159,-148,-169,-173,-137,-106,-80,-296,-298,
-229,-149,-222,204,-248,-43,-445,-44,-590,-586,-578,-574,-576,-413,-575,-555,
-29998,-29999,-29999]} 1. b3 e5 2. Bb2 Nc6 3. e3 d5 4. Bb5 Bd6 5. f4 Qh4+ 6. g3
Qe7 7. Nf3 f6 8. fxe5 (8. Nc3 $11 {hält das Gleichgewicht.} Be6 9. Qe2 a6 10.
Bxc6+ bxc6 11. O-O-O Nh6 12. e4 d4 $11 {Chandler,M-Crouch,C 4NCL Birmingham
1998}) (8. Qe2 Bg4 9. h3 Bh5 $2 (9... Bd7 $142) 10. g4 $1 Bf7 11. Bxc6+ bxc6
12. Qa6 $16 {Keene,R-Martin Gonzalez,A Alicante 1977}) 8... fxe5 $15 9. Bxc6+
$2 (9. Nxe5 Bxe5 10. Bxc6+ Kd8 11. d4 $15) 9... bxc6 10. Nxe5 {Droht stark
Dh5+.Schwarz steht deutlich besser.} Nf6 11. Nxc6 {[#] hat der Weiße nicht 2
Mehrbauern ? Bewertung -2.22, von einem weißen Vorteil kann also keine Rede
sein. Das ganze Abspiel kann man letztlich nur mit dem Computer zuverlässig
durchprüfen} (11. Nf3 O-O {Lakic,N-Vukic,M YUG 1976}) 11... Qd7 12. Bxf6 (12.
Nd4 Qh3 13. Qf3 O-O 14. Ne2 Ne4 $19 {und das hält Weiß nicht aus}) 12... O-O
$1 13. Qh5 $2 (13. Ne5 Qe8 14. O-O Bh3 15. Nd3 Bxf1 16. Qxf1 Rxf6 $19) 13...
Qxc6 $19 14. Bd4 Qxc2 {Droht ...De4 und aus.} (14... Rf5 $1 15. Qd1 Rg5 16. Qf3
Bg4 17. Qg2 Rf8 $19) 15. Nc3 $2 {[#]} (15. Qxd5+ $17 {ist eine bessere
Verteidigung.} Kh8 16. Nc3 (16. Qxa8 $2 {ist das falsche Schlagen.} Qc1+ 17.
Ke2 Ba6+ {[%mdl 64] Abzugsangriff} 18. d3 Qc2+ {[%mdl 64] Doppelangriff} 19.
Nd2 Rxa8 $19) 16... Ba6 17. Qe4 Bd3 18. Qg4 Rf7 19. Ne2 Raf8 $17 20. Nf4 Ba6)
15... Bd7 $4 {[%mdl 8192] dieser Fehler dreht den Spieß um} (15... Be6 $1 $19
{Und ...c5 würde nun gewinnen.} 16. b4 c6) 16. g4 $4 {[%mdl 8192]} ({Aber
nicht} 16. Nxd5 $2 Rf5 $19) (16. Qxd5+ $18 Kh8 17. Qe4 $18 {und Weiß gewinnt})
16... Rf7 $2 (16... Be6 $19 {zielt auf ...c5 ab.} 17. Nb5 Be7) 17. Qg5 $2 {
[%mdl 8192]} ({Falsch wäre} 17. Nxd5 $2 Raf8 $19) (17. Rf1 Rxf1+ 18. Kxf1 $11
Rf8+ 19. Kg1 Qxd2 20. Qxd5+ {vermeidet die Niederlage}) 17... c6 $2 (17... Be7
$19 18. Qh5 Raf8 19. Nxd5 Bd6) 18. Ke2 $2 {[%mdl 8192]} (18. Rf1 $15 Qg6 19.
Qxg6 hxg6 20. Na4) 18... Be7 {nach einigen Wirrnissen gewinnt wieder Schwarz}
19. Qh5 Raf8 {( -> ...Tf2+)} 20. Raf1 c5 21. Rxf7 Rxf7 22. Nxd5 Bb5+ 23. Ke1
Qc1# 0-1

[Event "SV Roehrnbach 1-SV Deggendorf 2"]
[Site "?"]
[Date "2025.03.23"]
[Round "8.6"]
[White "Reineke, Malte"]
[Black "Bauer, Bernd"]
[Result "1/2-1/2"]
[WhiteElo "1956"]
[BlackElo "1903"]
[Annotator "Stockfish 17"]
[PlyCount "76"]
[EventDate "2025.??.??"]
[WhiteTeam "SV Röhrnbach 1"]
[BlackTeam "SV Deggendorf 2"]

{[%evp 15,76,-19,21,-44,-44,-56,-44,-51,-46,-81,-72,-106,-74,-152,-143,-149,
-68,-144,-27,-67,-20,-56,-62,-44,-47,-43,-6,-114,-71,-222,-214,-220,-220,-214,
-203,-227,-207,-216,-187,-342,-340,-394,-353,-358,-244,-220,-212,-194,-172,
-201,-179,-289,-284,-272,-235,-531,-175,-325,-178,-149,-159,-325,-177]} 1. e4
c5 2. Nc3 Nc6 3. g3 Nf6 4. Bg2 g6 5. f4 d6 6. d3 Bg7 7. Nf3 O-O 8. O-O Bg4 9.
Ne2 (9. h3 $11 Bxf3 10. Qxf3 Nd4 11. Qf2 Nd7 12. g4 Rc8 13. Nd5 b5 14. f5 {
Balashov,Y-Gelman,A RUS-Cup Moscow 1996}) 9... Qd7 10. c3 Rad8 11. Be3 c4 12.
Nh4 cxd3 13. Qxd3 Bh3 $15 {[#]} 14. Rad1 $2 (14. Nf3 $142 Bxg2 15. Kxg2 Rfe8
16. Rad1 $15) 14... Bxg2 $1 $17 15. Kxg2 b6 (15... Qe6 $142 $17 {wie deckt man
Be4?} 16. a4 (16. Kf3 $2 Qxa2 $19) 16... Qxe4+ 17. Qxe4 Nxe4 {mit
Gewinnaussichten}) 16. Nd4 $6 (16. Nf3 $15) 16... Ng4 (16... Nxd4 17. Bxd4 e5
$17) 17. Bg1 Qb7 18. Qf3 Nxd4 19. cxd4 Nf6 20. d5 Nd7 (20... Rc8 $15) 21. b4 $6
(21. Qe2 $11) 21... Rc8 22. Bd4 $2 (22. Qe2 $17) 22... Bxd4 $1 $19 23. Rxd4
Rc2+ 24. Rf2 Rfc8 25. Rdd2 R2c3 (25... Rxd2 26. Rxd2 Rc4 27. Qe2 (27. a3 Nf6
28. e5 Ne4 29. Rd1 b5 $19) 27... Rxb4 28. Nf3 Nc5 $19) 26. Rd3 Rc2 {Schwarz
hat sehr gute Aussichten} 27. Ra3 $2 (27. Rdd2 R2c4 28. a3) 27... Nf6 $1 28.
Qd3 Rxf2+ 29. Kxf2 b5 (29... Qc7 $1 30. Kg2 Qc1 31. Kh3 Rc4 32. Rb3 Nxe4 $19)
30. Nf3 Qb6+ 31. Kg2 Rc4 32. e5 Ng4 (32... Ne4 33. Qe3 Qxe3 34. Rxe3 Rxb4 $19)
33. Qd2 $2 (33. Qe2 $142) 33... Qc7 $1 34. exd6 exd6 {Droht stark ...Tc2.} 35.
Nd4 {und dem Schwarzen bietet sich eine Riesenchance zum Gewinn [#]} (35. Ne1 {
kämpft weiter.}) 35... Qe7 (35... Rxd4 $1 {[%mdl 512]} 36. Qxd4 Qc2+ 37. Kf1 (
37. Kf3 Nxh2+ 38. Ke3 Qc1+ $19) 37... Qc1+ {[%mdl 64] Doppelangriff} 38. Kg2
Qxa3) 36. Kf3 {[#]} ({Jedoch nicht} 36. Nxb5 $2 Qe4+ 37. Kf1 Rc2 $19) (36. Qe2
$142 Qxe2+ 37. Nxe2) 36... Qd7 (36... Nxh2+ $142 $1 {[%mdl 512]} 37. Qxh2 Rxd4
{mit sehr guten Gewinnaussichten}) 37. Kg2 Qe7 {Und weiter mit ...De4+ wäre
nett.} 38. Kh3 $2 {[#]} ({Falsch wäre} 38. Nxb5 $2 Qe4+ 39. Kf1 Rc2 $19) (38.
Qe2 $17 {war die einzige Verteidigung.} Qxe2+ 39. Nxe2) 38... Qd7 $17 (38...
Qe4 $142 $1 39. Qe2 (39. Nxb5 $2 Qf5 $19) 39... Rxd4 40. Qxg4 Qc2 $19) 1/2-1/2

[Event "SV Roehrnbach 1-SV Deggendorf 2"]
[Site "?"]
[Date "2025.03.23"]
[Round "8.7"]
[White "Bacholke, Michael"]
[Black "Bernauer, Thomas"]
[Result "0-1"]
[WhiteElo "1870"]
[BlackElo "1902"]
[Annotator "Stockfish 17"]
[PlyCount "128"]
[EventDate "2025.??.??"]
[WhiteTeam "SV Deggendorf 2"]
[BlackTeam "SV Röhrnbach 1"]

{[%evp 9,128,-21,-21,-27,-12,-26,-26,-29,29,-4,28,27,59,60,55,56,71,-3,18,19,
14,15,8,3,149,30,191,138,215,-49,-66,-73,362,356,355,357,434,424,499,417,405,
369,386,199,210,221,331,228,222,225,231,26,25,19,16,0,3,0,-13,-67,-40,-284,3,
-7,10,0,3,0,10,13,4,3,323,190,206,20,23,0,0,-2,-3,-3,-3,-3,-3,-6,-4,-4,-3,-5,
-4,-10,-7,-605,-585,-574,-533,-597,-637,-689,-683,-828,-741,-675,-536,-682,
-29976,-943,-29974,-906,0,-29976,0,-1234,-594,-29987,-29988,-29988,-29989,
-29992,-29993]} 1. e4 e6 2. Qe2 {eine Abweichung vom vielgespielten 2.d4} c5 3.
Nf3 Nc6 4. g3 g6 5. Bg2 Bg7 6. c3 (6. O-O {wurde in etlichen Partien gespielt}
Nge7 7. d3 (7. c3 O-O 8. d3 b6 9. Re1 d6 10. Nbd2 Bb7 11. Nf1 {Kasparov,G-Paco,
A El Pais sim Madrid 1997}) 7... d6 8. c3 O-O 9. Nbd2 h6 10. Rb1 Qc7 11. Rd1 b6
12. Nf1 e5 {Smyslov,V-Cramling,Pia Canan Veterans-Women 1998}) 6... Nge7 7. Na3
(7. O-O O-O 8. d3 b5 9. Be3 d6 10. e5 Ba6 11. exd6 Qxd6 {Kveinys,A-Terske,H
Vienna op 1994}) 7... O-O 8. O-O Rb8 9. e5 Nf5 10. Rd1 d5 $6 (10... d6 11. d4
cxd4 12. cxd4 $11 {ist auch möglich}) 11. d4 cxd4 12. cxd4 b5 $6 13. Nxb5 (13.
Nc2 $142 $16 b4 14. Bg5 $16) 13... Qb6 (13... Ba6 $5 14. a4 $8 Qb6 $11) 14. a4
a6 15. g4 $1 axb5 16. gxf5 {[#]} gxf5 $2 (16... exf5 $11 17. axb5 Qxb5 18. Qxb5
Rxb5) 17. axb5 (17. a5 $142 Nxa5 18. Rd3 {mit großem Vorteil, +2.56}) 17...
Na5 $2 (17... Qxb5 $11 18. Qxb5 Rxb5) 18. Bf1 (18. Bg5 $1 h6 19. Be7 Re8 20.
Bd6 $18) 18... Bd7 $6 (18... Nb3 $16 {war nötig.}) 19. Bd2 $2 (19. Qe3 $1 Nc4
20. Qf4 $18 Qxb5 21. Be2 $18) 19... Nb3 $15 20. Ra3 Nxd4 $2 {[%mdl 8192]} (
20... Bxb5 $17 {bleibt auf Kurs.} 21. Qxb5 Qxb5 22. Bxb5 Nxd2 23. Rxd2 Rxb5)
21. Nxd4 $18 Qxd4 22. Rg3 $1 {mit +4.36 hat Weiß eine Gewinnstellung} f4 {[#]}
({Aber nicht} 22... Rxb5 $2 23. Bh6 $18) 23. Qg4 $1 {[%csl Gg3][%cal Rg4g7]}
Qxe5 (23... Qxf2+ 24. Kxf2) 24. Bxf4 (24. Bc3 $1 Qxc3 25. Rxc3 {und Schwarz
kann aufgeben}) 24... Qf6 {beabsichtigt ...h5.} 25. Bxb8 $18 Rxb8 26. Qd4 (26.
Rdd3 $142 Be8 27. Rdf3 $18) 26... Qxd4 27. Rxd4 {Und weiter mit Tdg4 wäre
nett.} f5 (27... Kh8 $142 28. Rb4 Bf8) 28. Rb4 (28. Ra4 $1 Rd8 29. Ra7 $18 {
war sehr gut}) 28... Kf7 29. b6 Bf8 30. Rbb3 {vergibt alle Vorteile} (30. Rh4
$18) 30... Ba4 $11 31. Rbc3 {Und Tc7+ würde nun gewinnen.} Rxb6 32. Rc7+ Kf6
33. Rxh7 Rxb2 {und nun wäre ...Lc5 stark für Schwarz.} 34. Ra7 $6 (34. Rc3
Bb4 35. Rcc7 $11) 34... Bd1 {[%mdl 1024] Schwarz hat Kompensation.} (34... Bc2
{fühlt sich spannender an.} 35. Rc3 Be4 36. Ra1 Bd6 37. Rc8 Rd2) 35. Rc3 $2 (
35. Ra1 $15 Bg4 36. h3) 35... Rb4 $2 $11 ({Günstiger ist} 35... Bb4 $1 $19 {
[%cal Rb4c3]} 36. Rc1 Be1 $1) 36. h3 Rb1 37. Kg2 d4 38. Rc6 Bb3 {...Ld5+ ist
eine echte Drohung.} (38... Ke5 {hält die Spannung aufrecht.} 39. Bd3 Rb3 40.
Bc4 Bf3+ 41. Kg3 f4+) 39. Bc4 Bxc4 40. Rxc4 {[%mdl 4096] Endspiel KTT-KTL} e5
$2 {[%mdl 8192]} (40... Rb2 $1 $11 {und Schwarz ist OK.}) 41. Rc6+ {auch so
ist der Vorteil noch groß} (41. Rc8 $142 Bb4 42. Rc6+ Kg5 43. Rg7+ Kh5 44.
Rh7+ Kg5 45. Rb6 $18 {mit Gewinn}) 41... Kg5 $18 42. Rf7 $2 {führt zum
Ausgleich} (42. Rd7 $18) 42... d3 $1 $11 {[%cal Rd3d2] zielt auf ...d2 ab.} 43.
Rxf8 (43. h4+ {scheint wilder zu sein.} Kf4 44. Rd7 e4 45. Rd5 Be7 46. h5)
43... d2 44. Rd8 (44. Rcf6 d1=Q 45. Rxf5+ Kh6 46. R8f6+ {mit Dauerschach})
44... d1=Q 45. Rxd1 Rxd1 {[#] KT-KT  bietet das Turmendspiel echte Chancen? Im
Grunde nicht. Die Fehler allerdings sind lehrreich} 46. Rc5 Kf4 47. Rc4+ e4 (
47... Rd4 {mit weiteren Verwicklungen.} 48. Rc3 Ra4 49. Rf3+ Ke4 50. Re3+ Kd4)
48. Rc8 Rd2 49. Re8 Ra2 50. Re7 Ra6 {Droht stark ...Tg6+.} 51. Re8 $2 {[%mdl
8192] das verliert forciert} (51. Rb7 $11 Ra1 52. Rb5 Ra2 53. Rb3 $11) 51...
Rg6+ $19 52. Kf1 {[#]} Kf3 $1 53. Ra8 {[#] Jetzt Ta3+ und Weiss darf weiter
klammern.} f4 $1 54. Ra3+ e3 55. fxe3 fxe3 56. Rb3 Rg3 57. Ra3 Rxh3 {[%cal
Rh3h1]} 58. Kg1 Rg3+ (58... Rh4 $19 59. Rb3 Rd4) 59. Kf1 Rg8 $2 {läßt den
Weißen entschlüpfen} (59... Rh3 $19 {[%cal Rh3h1]} 60. Kg1 Rh4) 60. Rb3 $2 {
[%mdl 8192]} (60. Ra2 $11) 60... Rg4 $2 (60... Ra8 {setzt Matt} 61. Kg1 Ra1+
62. Kh2 Rd1 63. Ra3 Kf2 64. Ra8 e2 65. Rf8+ Ke3 66. Re8+ Kf3 67. Rf8+ Kg4 68.
Rg8+ Kf5 69. Rf8+ Kg6 70. Re8 e1=Q 71. Rxe1 Rxe1 72. Kg2 Kg5 73. Kf2 Re4 74.
Kf3 Re6 75. Kg2 Kg4 76. Kf2 Re4 77. Kg2 Rf4 78. Kh2 Kf3 79. Kg1 Kg3 80. Kh1
Rf1#) 61. Ra3 $2 {[%mdl 8192]} (61. Rb2 $11) 61... Rb4 (61... Rh4 $142 {
[%cal Rh4h1]} 62. Kg1 Rd4) 62. Ra1 Rh4 {[%cal Rh4h1] Schwarz setzt Matt.} 63.
Kg1 Rg4+ 64. Kf1 e2+ 0-1

[Event "SV Roehrnbach 1-SV Deggendorf 2"]
[Site "?"]
[Date "2025.03.23"]
[Round "8.8"]
[White "Berisha, Regjep"]
[Black "Gahr, Michael"]
[Result "1/2-1/2"]
[WhiteElo "1910"]
[BlackElo "1870"]
[Annotator "Stockfish 17"]
[PlyCount "35"]
[EventDate "2025.??.??"]
[WhiteTeam "SV Röhrnbach 1"]
[BlackTeam "SV Deggendorf 2"]

{[%evp 11,35,28,46,-23,-18,-24,9,9,13,-7,-7,-8,-5,-43,51,44,49,46,31,24,156,
127,178,193,182,180]} 1. e4 e6 2. d4 d5 3. Nd2 {Tarrasch} Nf6 4. e5 Nfd7 5. f4
c5 6. Ngf3 Nc6 7. a3 {etwas abwegig} (7. c3 $14) 7... Qb6 $11 8. Be2 Be7 9. O-O
O-O 10. dxc5 Nxc5 {[#] Droht stark ...Sb3+.} 11. Kh1 a5 12. c3 f6 ({Besser ist
} 12... a4 $15) 13. b4 $14 Ne4 14. Nxe4 dxe4 15. Nd2 fxe5 $2 {konnte
gefährlich werden} (15... axb4 $11 16. cxb4 fxe5) 16. b5 {bringt auch großen
Vorteil +1.50} (16. Nc4 $1 {mit großem Vorteil}) 16... Nd8 $6 17. fxe5 ({
Keinesfalls} 17. Nxe4 $6 Qc7 $16) 17... Rxf1+ 18. Qxf1 (18. Qxf1 Qc5 19. Nc4 {
lohnte das Weiterspielen}) 1/2-1/2